| 000 | 00504 a2200133 4500 | ||
|---|---|---|---|
| 001 | ART_30612 | ||
| 005 | 20260410162002.0 | ||
| 008 | 260409a | ||
| 245 | 1 | 0 | _aCaminos a reccorrer para la revisión y emisión de las Normas Contables en un contexto de integración regional |
| 100 | 1 | _aFronti de García, Luisa | |
| 700 | 1 | _aGarcía Casella, Carlos Luis | |
| 700 | 1 | _aRodríguez de Ramírez, María del Carmen | |
| 773 | 0 |
_tForo económico _g- Año II, Nº 3 (nov. 1996) _wREV30369 |
|
| 999 |
_c31416 _d31416 |
||